000
00286nam a22001337a 4500
008
171227b xxu||||| |||| 00| 0 eng d
020
_a
9780536522863
041
_a
eng
080
_a
343.9
100
_a
14
101
_a
JUR
245
_a
LAB MANUAL
_c
SAFERSTEIN,R
942
_2
udc
_c
BK
999
_c
39447
_d
39447